Visualizzazione normale
Vista MARC
- Rossini Gioachino
di Personal Name
Records bibliografici associati: 1
001 - CONTROL NUMBER
- control field: 15835
003 - CONTROL NUMBER IDENTIFIER
- control field: IT-RoPau
005 - DATE AND TIME OF LATEST TRANSACTION
- control field: 20140312122713.0
008 - FIXED-LENGTH DATA ELEMENTS
- fixed length control field: 140312|| aca||aabn | a|a d
040 ## - CATALOGING SOURCE
- Original cataloging agency: IT-RoPau
- Transcribing agency: IT-RoPau
100 ## - HEADING--PERSONAL NAME
- Personal name: Rossini Gioachino
- Miscellaneous information: Codice autore musica SPICS: 11125
- Relator term: Autore musica
- Name of part/section of a work: Magpie's Bagpipes From the Thieving Magpie - And the Shoes Fits. Ouv. From la Cenerentola
670 ## - SOURCE DATA FOUND
- Source citation: Work cat.: (IT-RoPau)100718: AA.VV. 794, S.O.S.